000 00243nam a22000977a 4500
008 230208b |||||||| |||| 00| 0 eng d
020 _a9780241257531
100 _aBono De Edward
_97657
245 _aSix Thinking Hats
260 _aUK
_bPenguin Books
999 _c12230
_d12230